| 000 | 00563nam a22001937a 4500 | ||
|---|---|---|---|
| 999 |
_c15825 _d15825 |
||
| 003 | AR-CdUCM | ||
| 008 | 190430b ||||| |||| 00| 0 spa d | ||
| 040 |
_aMUNICIPALIDAD PROVINCIAL DEL CUSCO _cBIBLIOTECA MUNICIPAL DEL CUSCO |
||
| 082 |
_a869.56 / _bC26 |
||
| 100 |
_aCarrillo, Francisco _916973 |
||
| 245 | _aProvincia / | ||
| 260 |
_aLima : _bIcaro, _c1961. |
||
| 300 |
_a8 páginas ; _c16 cm. |
||
| 440 |
_aColección La retama ; _935020 |
||
| 650 |
_aLiteratura peruana _9169 |
||
| 650 |
_aPoesía _9139 |
||
| 942 |
_2ddc _cLIBROS |
||
| 945 |
_aacv _d2019-04-30 |
||